000 01293nac a22003251i 4500
003 EG-ScBUE
005 20240916125857.0
008 130417s1990 nyua f b 001 0 eng d
020 _a0070799849
020 _a0071004122
020 _a9780071004121
040 _aEG-ScBUE
_beng
_erda
_cEG-ScBUE
_dEG-ScBUE
082 0 4 _a511.02462
_bCHA
_222
100 1 _aChapra, Steven C.,
_eauthor.
_933111
245 1 0 _aNumerical methods for engineers /
_bSteven C. Chapra, professor of civil engineering, The University of Colorado, Raymond P. Canale, professor of civil engineering, The University of Michigan.
250 _aSecond edition.
250 _aInternational edition.
264 1 _aNew York :
_bMcGraw-Hill Book Company,
_c1990.
300 _axvii, 812 pages :
_billustrations (some color) ;
_c25 cm
336 _2rdacontent
_atext
_btxt
337 _aunmediated
_2rdamedia
_bn
338 _avolume
_bnc
_2rdacarrier
504 _aIncludes bibliographical references and index.
650 7 _aEngineering mathematics
_xData processing.
_2BUEsh
_933112
650 7 _aNumerical calculations
_xData processing.
_2BUEsh
_912960
650 7 _aMicrocomputers
_xProgramming.
_2BUEsh
_933113
655 _vReading book
700 1 _aCanale, Raymond P.,
_eauthor.
_912962
942 _cBB
_2ddc
999 _c4095
_d4095